Phân tích thực trạng và đề xuất mô hình kinh doanh du lịch đặc thù tại thành phố Cần Thơ : Luận văn Tốt nghiệp Cao học. Chuyên ngành Quản trị kinh doanh

Đề tài phân tích thực trạng hoạt động kinh doanh du lịch trong những năm qua, đánh giá hiện trạng về chất lượng du lịch, nghiên cứu và xác định mô hình kinh doanh du lịch theo hướng xác định sản phẩm du lịch đặc thù. Đề xuất một số giải pháp...

Full description

Saved in:
Bibliographic Details
Main Author: Trần, Thị Mỹ Duyên
Format: Book
Language:Undetermined
Published: Cần Thơ Trường Đại học Cần Thơ 2014
Subjects:
Tags: Add Tag
No Tags, Be the first to tag this record!
Institutions: Trung tâm Học liệu Trường Đại học Cần Thơ
LEADER 01411nam a2200217Ia 4500
001 CTU_196230
008 210402s9999 xx 000 0 und d
082 |a 338.4791 
082 |b D527 
088 |a 60340102 
100 |a Trần, Thị Mỹ Duyên 
245 0 |a Phân tích thực trạng và đề xuất mô hình kinh doanh du lịch đặc thù tại thành phố Cần Thơ : 
245 0 |b Luận văn Tốt nghiệp Cao học. Chuyên ngành Quản trị kinh doanh 
245 0 |c Trần Thị Mỹ Duyên ; Lưu Thanh Đức Hải (Cán bộ hướng dẫn) 
260 |a Cần Thơ 
260 |b Trường Đại học Cần Thơ 
260 |c 2014 
520 |a Đề tài phân tích thực trạng hoạt động kinh doanh du lịch trong những năm qua, đánh giá hiện trạng về chất lượng du lịch, nghiên cứu và xác định mô hình kinh doanh du lịch theo hướng xác định sản phẩm du lịch đặc thù. Đề xuất một số giải pháp nhằm phát triển mô hình kinh doanh du lịch đặc thù trong việc nâng cao chất lượng dịch vụ và hiệu quả hoạt động kinh doanh. 
650 |a Kinh doanh du lịch,Tourist trade 
910 |a Hải 
980 |a Trung tâm Học liệu Trường Đại học Cần Thơ